|
|
|
|
| LEADER |
00000nam0a2200000 4500 |
| 001 |
315365 |
| 005 |
20231102002754.0 |
| 010 |
|
|
|a 9785972901166
|
| 035 |
|
|
|a (RuTPU)RU\TPU\book\340800
|
| 090 |
|
|
|a 315365
|
| 100 |
|
|
|a 20160229d2016 km y0rusy50 ca
|
| 101 |
0 |
|
|a rus
|
| 102 |
|
|
|a RU
|
| 105 |
|
|
|a a g 001zy
|
| 200 |
1 |
|
|a Справочник инженера по контрольно-измерительным приборам и автоматике
|e учебно-практическое пособие
|f А. В. Калиниченко, Н. В. Уваров, В. В. Дойников
|
| 205 |
|
|
|a 2-е изд.
|
| 210 |
|
|
|a Москва
|c Инфра-Инженерия
|d 2016
|
| 215 |
|
|
|a 573 с.
|c ил.
|
| 320 |
|
|
|a Библиогр.: с. 551-553
|
| 330 |
|
|
|a В справочнике детально описаны материалы как для обучения персонала КИПиА (история КИПиА, термины и определения, принципы действия простейших КИПиА), так и справочные данные, методики для ремонта, настройки и эксплуатации контрольно-измерительных приборов, а также сопутствующие справочные данные, необходимые для правильного расчета и выбора контрольно-измерительного прибора.Предназначен для инженеров по эксплуатации и ремонту контрольно-измерительных приборов для измерения технологических параметров температуры, давления, расхода и уровня.Справочник рекомендуется также руководителям служб КИПиА, мастерам, слесарям по КИПиА, прибористам, а также студентам и аспирантам, обучающимся по соответствующим специальностям.
|
| 606 |
1 |
|
|a Контрольно-измерительные инструменты и приборы
|2 stltpush
|3 (RuTPU)RU\TPU\subj\15519
|9 41754
|
| 610 |
1 |
|
|a история
|
| 610 |
1 |
|
|a метрология
|
| 610 |
1 |
|
|a весоизмерительная техника
|
| 610 |
1 |
|
|a датчики температуры
|
| 610 |
1 |
|
|a расходомеры
|
| 610 |
1 |
|
|a жидкости
|
| 610 |
1 |
|
|a газы
|
| 610 |
1 |
|
|a пар
|
| 610 |
1 |
|
|a уровнемеры
|
| 610 |
1 |
|
|a газовый анализ
|
| 610 |
1 |
|
|a газоанализаторы
|
| 610 |
1 |
|
|a электроизмерения
|
| 610 |
1 |
|
|a кондуктометры
|
| 610 |
1 |
|
|a пирометрия
|
| 610 |
1 |
|
|a вторичные электронные приборы
|
| 610 |
1 |
|
|a измерительные преобразователи
|
| 610 |
1 |
|
|a промышленная безопасность
|
| 610 |
1 |
|
|a перепады
|
| 610 |
1 |
|
|a пневматические регуляторы
|
| 610 |
1 |
|
|a электронные регуляторы
|
| 610 |
1 |
|
|a нефть
|
| 610 |
1 |
|
|a газ
|
| 610 |
1 |
|
|a добыча
|
| 610 |
1 |
|
|a КИП
|
| 610 |
1 |
|
|a справочники
|
| 675 |
|
|
|a 681.2(035)
|v 4
|
| 700 |
|
1 |
|a Калиниченко
|b А. В.
|g Андрей Владимирович
|
| 701 |
|
1 |
|a Уваров
|b Н. В.
|g Николай Владимирович
|
| 701 |
|
1 |
|a Дойников
|b В. В.
|g Владимир Владимирович
|
| 801 |
|
1 |
|a RU
|b 63413507
|c 20160229
|
| 801 |
|
2 |
|a RU
|b 63413507
|c 20160608
|g RCR
|
| 900 |
|
|
|a Контрольно-измерительные приборы и автоматика
|
| 942 |
|
|
|c BK
|
| 959 |
|
|
|a 25/20160225
|d 3
|e 0
|f ЧЗТЛ:1
|f УФ:2
|